000 00922nam a22001937a 4500
003 BR-ViAPE
005 20260423140214.0
008 260423s1930 porac gs||||s001 0 por d
040 _cBR-ViAPE
110 _aEspírito Santo
_bEstado
245 _aMensagem apresentada ao Congresso Legislativo na 3ª sessão da 13ª legislatura em 22 de setembro de 1930, pelo Dr. Aristeu Borges de Aguiar, Presidente do Estado do Espírito Santo
260 _aVitória
_b[s.n.]
_c1930
300 _a370 p.
_bDocumento digitalizado (PDF)
500 _aDocumento digitalizado do acervo institucional do Arquivo Público do Estado do Espírito Santo - APEES.
650 _aAdministração pública
_zEspírito Santo
651 _aEspírito Santo
_xAdministração pública
856 _uhttps://ape.es.gov.br/Media/ape/PDF/Mensagens/Mensagem-2024/Mensagem%20-%20ano%201930.pdf
_yCLIQUE AQUI PARA ACESSAR O DOCUMENTO
942 _2ddc
_cMSGREL
_n1
999 _c571
_d571